| 000 | 00621nab a2200217 a 4500 | ||
|---|---|---|---|
| 005 | 20210219161639.0 | ||
| 008 | 991125s1985 mx 000 0 spa u | ||
| 035 | _aUPN01000189021 | ||
| 100 | 1 | _aTiana Ferrer, Alejandro | |
| 222 | 0 | _aBORDON : | |
| 222 | 0 | _bREVISTA DE PEDAGOGIA | |
| 245 | 0 | 0 | _aAnálisis de las competencias básicas como núcleo curricular en la educación obligatoria española |
| 260 | _aMadrid, España | ||
| 300 | _a63-75 | ||
| 362 | 0 | _a2011 Vol. 63, no. 1 | |
| 653 | 0 | _aCOMPETENCIAS | |
| 653 | 0 | _aCURRICULUM | |
| 653 | 0 | _aENSEÑANZA | |
| 653 | 0 | _aEDUCACION BASICA | |
| 905 | _aArticulo | ||
| 999 |
_c161124 _d161124 |
||